Langues et littératures arabes (notice n° 1567296)

détails MARC
000 -LEADER
fixed length control field 01150cam a2200133 4500500
005 - DATE AND TIME OF LATEST TRANSACTION
control field 20251214002643.0
041 ## - LANGUAGE CODE
Language code of text/sound track or separate title fre
042 ## - AUTHENTICATION CODE
Authentication code dc
100 10 - MAIN ENTRY--PERSONAL NAME
Personal name Pellat, Charles
Relator term author
245 00 - TITLE STATEMENT
Title Langues et littératures arabes
260 ## - PUBLICATION, DISTRIBUTION, ETC.
Name of publisher, distributor, etc. Armand Colin,<br/>
Date of publication, distribution, etc. 2023.<br/>
520 ## - SUMMARY, ETC.
Summary, etc. Ce cursus est une introduction à la littérature arabe par l’un des plus grands spécialistes de l’islam et arabisant de la 2e partie du XXe siècle en France. Les grandes lignes du mécanisme et de l’évolution de la langue arabe sont décrites de manière à rendre compréhensible pour le non-spécialiste les tendances et les œuvres d’une littérature si proche de nous et pourtant si lointaine et encore très méconnue du public pour une très grande part. L’auteur ne se contente pas d’accumuler noms, dates et titres d’œuvres. Il contextualise ces données en les resituant dans le cadre plus large des modes d’expressions et des genres littéraires (poésie, prose et prose rimée) à l’honneur chez les arabophones.
856 41 - ELECTRONIC LOCATION AND ACCESS
Uniform Resource Identifier <a href="https://shs.cairn.info/langues-et-litteratures-arabes--9782200635688?lang=fr&redirect-ssocas=7080">https://shs.cairn.info/langues-et-litteratures-arabes--9782200635688?lang=fr&redirect-ssocas=7080</a>

Pas d'exemplaire disponible.

PLUDOC

PLUDOC est la plateforme unique et centralisée de gestion des bibliothèques physiques et numériques de Guinée administré par le CEDUST. Elle est la plus grande base de données de ressources documentaires pour les Étudiants, Enseignants chercheurs et Chercheurs de Guinée.

Adresse

627 919 101/664 919 101

25 boulevard du commerce
Kaloum, Conakry, Guinée

Réseaux sociaux

Powered by Netsen Group @ 2025